| 000 | 005560000a22001810004500 | ||
|---|---|---|---|
| 003 | MACL | ||
| 005 | 20160603151223.0 | ||
| 008 | 160603b xxu||||| |||| 00| 0 eng d | ||
| 040 |
_aMACL _cMACL |
||
| 041 | _aHindi | ||
| 082 | _a920 PAT | ||
| 100 |
_aप्रकाशन विभाग _94825 |
||
| 245 |
_aसरदार पटेल _cप्रकाशन विभाग |
||
| 260 |
_bप्रकाशन विभाग _c1975 _aनई दिल्ली |
||
| 350 | _a12.50 | ||
| 650 |
_aBiography _962137 |
||
| 942 |
_cHIN _k920/PAT _2ddc |
||
| 999 |
_c21852 _d21852 |
||